[Event "Ustron op-B"]
[Site "Ustron"]
[Date "2023.08.16"]
[Round "6"]
[White "Chinguun, Otgonbayar"]
[Black "Lecki, Leonard"]
[Result "0-1"]
[WhiteElo "1914"]
[BlackElo "2090"]
[PlyCount "70"]
[EventDate "2023.08.11"]
[EventType "swiss"]
[EventRounds "9"]
[EventCountry "POL"]
[SourceTitle "CBM 215 Extra"]
[Source "ChessBase"]
[SourceDate "2023.09.30"]
[SourceVersion "1"]
[SourceVersionDate "2023.09.30"]
[SourceQuality "1"]

1. d4 d5 2. c4 c6 3. Nc3 Nf6 4. Nf3 dxc4 5. a4 Bf5 6. e3 e6 7. Bxc4 Bb4 8. 0-0 0-0 9. Qb3 Qe7 10. h3 a5 11. Qd1 Nbd7 12. Qe2 e5 13. dxe5 Nxe5 14. Nd4 Bg6 15. f4 Nxc4 16. Qxc4 Be4 17. Nxe4 Qxe4 18. Qc2 Rfe8 19. Qxe4 Rxe4 20. Nc2 Rd8 21. Nxb4 Rxb4 22. Kf2 Ne4+ 23. Kf3 f5 24. g4 g6 25. gxf5 gxf5 26. Rg1+ Kf7 27. b3 Rxb3 28. Ra2 Rg8 29. Rxg8 Kxg8 30. Rg2+ Kf7 31. Bb2 Ke6 32. Be5 Ra3 33. Rb2 Rxa4 34. Rxb7 Ra2 35. Bb2 a4 0-1

[Event "Eastern Asia-ch U18 4th"]
[Site "Bangkok"]
[Date "2019.08.03"]
[Round "2.3"]
[White "Tran, Dang Minh Quang"]
[Black "Chinguun, Otgonbayar"]
[Result "1/2-1/2"]
[WhiteElo "2025"]
[BlackElo "1962"]
[PlyCount "143"]
[EventDate "2019.08.02"]
[EventType "swiss"]
[EventRounds "9"]
[EventCountry "THA"]
[SourceTitle "EXT 2024"]
[Source "ChessBase"]
[SourceDate "2023.10.10"]
[SourceVersion "1"]
[SourceVersionDate "2023.10.10"]
[SourceQuality "1"]

1. d4 d5 2. Bg5 Nd7 3. c4 c6 4. Nc3 Ngf6 5. e3 e6 6. Nf3 Qa5 7. Nd2 Bb4 8. Qc1 0-0 9. a3 Bxc3 10. Qxc3 Qxc3 11. bxc3 Re8 12. Be2 e5 13. 0-0 dxc4 14. Bxc4 Nd5 15. Rfc1 N7b6 16. Bf1 exd4 17. cxd4 f6 18. Bh4 Bf5 19. h3 Rad8 20. g4 Bg6 21. Nb3 Rd7 22. Nc5 Rf7 23. Bg2 h5 24. Bg3 Nc8 25. e4 Ndb6 26. f4 Rfe7 27. f5 Bf7 28. e5 Rd8 29. Rd1 hxg4 30. hxg4 Nc4 31. Bh4 Ne3 32. exf6 Nxd1 33. fxe7 Rxd4 34. Bf3 Rd8 35. Bg2 Rd4 36. Bf3 Nc3 37. Nxb7 Nd5 38. Bxd5 Rxg4+ 39. Kf2 cxd5 40. Rc1 Rc4 41. Rxc4 dxc4 42. Ke3 Be8 43. Kd4 Bb5 44. Nd8 a6 45. f6 gxf6 46. Bxf6 Kh7 47. Kd5 c3 48. Ke6 c2 49. Bg5 Kg6 50. Bc1 Nb6 51. Nb7 Nc4 52. Nc5 Nb6 53. Ne4 Nc4 54. Nf6 Nb6 55. e8Q+ Bxe8 56. Nxe8 Na4 57. Nc7 a5 58. Nd5 Nc5+ 59. Kd6 Nb3 60. Nf4+ Kf5 61. Ne2 Ke4 62. Bh6 Kd3 63. Nc1+ Kc3 64. Nxb3 Kxb3 65. Bc1 Kc4 66. Kc7 Kb5 67. Kb7 a4 68. Be3 Ka5 69. Bc1 Kb5 70. Bd2 Kc5 71. Ka6 Kc6 72. Bf4 1/2-1/2

[Event "Asia-ch U20"]
[Site "Ulaanbaatar"]
[Date "2018.08.19"]
[Round "1"]
[White "Priasmoro, Novendra"]
[Black "Chinguun, Otgonbayar"]
[Result "1-0"]
[WhiteElo "2485"]
[BlackElo "1952"]
[PlyCount "147"]
[EventDate "2018.08.19"]
[EventType "swiss"]
[EventRounds "9"]
[EventCountry "MGL"]
[SourceTitle "CBM 186 Extra"]
[Source "ChessBase"]
[SourceDate "2018.08.24"]
[SourceVersion "1"]
[SourceVersionDate "2018.08.24"]
[SourceQuality "1"]

1. e4 e6 2. d4 d5 3. Nc3 Bb4 4. e5 c5 5. Bd2 a6 6. a3 Bxc3 7. bxc3 Qc7 8. Qg4 f5 9. Qg3 g6 10. h4 Ne7 11. Bd3 Nbc6 12. Nf3 c4 13. Be2 Bd7 14. h5 0-0-0 15. h6 Rdf8 16. Rh4 Nd8 17. Bg5 Ba4 18. Bf6 Rxf6 19. exf6 Qxg3 20. fxg3 Ng8 21. Ng5 Nxf6 22. Kd2 Re8 23. g4 Bd7 24. Rf1 Kc7 25. Rh3 b5 26. Rhh1 Kd6 27. Bf3 Re7 28. gxf5 exf5 29. Re1 Ne6 30. Nxe6 Rxe6 31. Rxe6+ Kxe6 32. Re1+ Kd6 33. Ke3 g5 34. g3 Be6 35. Kf2 Ng8 36. Rh1 Nf6 37. Ke3 Bd7 38. Bh5 Ke7 39. Bf3 Kd6 40. Rb1 Ke7 41. Kd2 Kd6 42. Re1 Be6 43. Ra1 Bd7 44. Rb1 Ke7 45. Re1+ Kd6 46. Re5 Be6 47. g4 fxg4 48. Bg2 Ng8 49. Rxg5 Nxh6 50. Rh5 Nf5 51. Rxh7 a5 52. Ra7 b4 53. axb4 axb4 54. cxb4 Nxd4 55. c3 Nb5 56. Rb7 Kc6 57. Rg7 Kd6 58. Rg5 Nc7 59. Bf1 Ne8 60. Ke3 Nf6 61. Bg2 Ne8 62. Bf1 Nf6 63. Rg6 Ne4 64. b5 Ke5 65. b6 Bc8 66. Rg8 Bb7 67. Rg7 Bc6 68. b7 Bxb7 69. Rxb7 Nxc3 70. Re7+ Kd6 71. Rg7 Kc5 72. Rxg4 d4+ 73. Rxd4 Nd5+ 74. Ke4 1-0

[Event "Asia-ch U20 rapid"]
[Site "Ulaanbaatar"]
[Date "2018.08.18"]
[Round "6"]
[White "Chinguun, Otgonbayar"]
[Black "Krishna Teja, N."]
[Result "0-1"]
[WhiteElo "1711"]
[BlackElo "2123"]
[PlyCount "88"]
[EventDate "2018.08.18"]
[EventType "swiss (rapid)"]
[EventRounds "9"]
[EventCountry "MGL"]
[SourceTitle "CBM 186 Extra"]
[Source "ChessBase"]
[SourceDate "2018.08.24"]
[SourceVersion "1"]
[SourceVersionDate "2018.08.24"]
[SourceQuality "1"]

1. d4 Nf6 2. c4 e6 3. Nf3 d5 4. Bg5 h6 5. Bxf6 Qxf6 6. Nc3 dxc4 7. e3 a6 8. Bxc4 b5 9. Be2 Bb7 10. a3 c5 11. 0-0 cxd4 12. Nxd4 e5 13. Bf3 Ra7 14. Nc2 Bxf3 15. Qxf3 Qxf3 16. gxf3 Bd6 17. Rad1 Ke7 18. Nd5+ Ke6 19. e4 Nc6 20. Rd2 Na5 21. Rd3 Rc8 22. Nce3 g6 23. Rfd1 Rc6 24. b4 Nb7 25. Nc3 Ra8 26. Ned5 Rac8 27. Kg2 f5 28. R1d2 f4 29. a4 bxa4 30. Nxa4 Rc2 31. Nab6 R8c6 32. Rxc2 Rxc2 33. Ra3 a5 34. Rb3 Ra2 35. bxa5 Bc5 36. Nc4 Rxf2+ 37. Kh3 Nd8 38. a6 Nf7 39. a7 Bxa7 40. Rb7 Ng5+ 41. Kg4 Rg2+ 42. Kh4 Rxh2+ 43. Kg4 Rg2+ 44. Kh4 Bf2# 0-1

[Event "Asia-ch U20 rapid"]
[Site "Ulaanbaatar"]
[Date "2018.08.18"]
[Round "3"]
[White "Itgelt, Khuyagtsogt"]
[Black "Chinguun, Otgonbayar"]
[Result "1-0"]
[WhiteElo "1890"]
[BlackElo "1711"]
[PlyCount "131"]
[EventDate "2018.08.18"]
[EventType "swiss (rapid)"]
[EventRounds "9"]
[EventCountry "MGL"]
[SourceTitle "CBM 186 Extra"]
[Source "ChessBase"]
[SourceDate "2018.08.24"]
[SourceVersion "1"]
[SourceVersionDate "2018.08.24"]
[SourceQuality "1"]

1. d4 d5 2. c4 c6 3. Nc3 Nf6 4. Nf3 e6 5. g3 Bd6 6. Bg2 0-0 7. 0-0 Nbd7 8. Nd2 a6 9. e4 dxe4 10. Ndxe4 Be7 11. Bf4 h6 12. h4 Nb6 13. b3 Nxe4 14. Nxe4 f5 15. Nc5 Bf6 16. Be5 Qe7 17. Qe2 Nd7 18. Bxf6 Nxf6 19. Rfe1 Re8 20. Rad1 Qd6 21. Qe5 Qf8 22. Bf3 Kh7 23. Kg2 Qf7 24. Nd3 Qd7 25. Nf4 Qf7 26. Qe2 Bd7 27. h5 Rad8 28. Qc2 Kg8 29. b4 Bc8 30. a4 Qf8 31. Qb3 Qf7 32. a5 Qc7 33. Ng6 Kh7 34. Re5 Nd7 35. Re2 Nf6 36. Qc3 Qf7 37. Rde1 Qd7 38. Rd1 Qc7 39. Qc2 Qf7 40. Nf4 Qf8 41. Qb1 Qf7 42. Qb2 e5 43. Rxe5 Qxc4 44. d5 cxd5 45. Nxd5 Rxe5 46. Nxf6+ gxf6 47. Rxd8 Qc7 48. Qd2 Be6 49. Rd6 Kg7 50. Rb6 Bc8 51. Qf4 Qe7 52. Qd4 Re6 53. Rxe6 Qxe6 54. Qd8 Bd7 55. Qc7 Kf7 56. Bxb7 Ke7 57. Qc5+ Ke8 58. Bd5 Qe5 59. Bb7 Qe6 60. Bd5 Qe5 61. Bf3 Qe6 62. Qa7 Ke7 63. Bb7 Kd8 64. Qxa6 Qe1 65. Qxf6+ Kc7 66. Qb6+ 1-0

[Event "Asia-ch U20 rapid"]
[Site "Ulaanbaatar"]
[Date "2018.08.18"]
[Round "7"]
[White "Tugstumur, Yesuntumur"]
[Black "Chinguun, Otgonbayar"]
[Result "1-0"]
[WhiteElo "1819"]
[BlackElo "1711"]
[PlyCount "45"]
[EventDate "2018.08.18"]
[EventType "swiss (rapid)"]
[EventRounds "9"]
[EventCountry "MGL"]
[SourceTitle "CBM 186 Extra"]
[Source "ChessBase"]
[SourceDate "2018.08.24"]
[SourceVersion "1"]
[SourceVersionDate "2018.08.24"]
[SourceQuality "1"]

1. b3 e6 2. Bb2 d5 3. Nf3 Nf6 4. e3 c5 5. Be2 Bd6 6. 0-0 0-0 7. d3 Nbd7 8. Nbd2 e5 9. e4 d4 10. Nc4 Bc7 11. a4 Rb8 12. Bc1 h6 13. Bd2 b6 14. Ne1 a6 15. b4 Qe7 16. b5 Re8 17. g3 axb5 18. axb5 Bb7 19. Ra7 Nf8 20. Ng2 Qe6 21. f4 exf4 22. Bxf4 Bxf4 23. Nxf4 1-0

[Event "World Amateur-ch U2000"]
[Site "Cagliari"]
[Date "2018.04.25"]
[Round "5"]
[White "Chinguun, Otgonbayar"]
[Black "Sahinoz, Giulio O"]
[Result "1-0"]
[WhiteElo "1929"]
[BlackElo "1757"]
[PlyCount "114"]
[EventDate "2018.04.22"]
[EventType "swiss"]
[EventRounds "9"]
[EventCountry "ITA"]
[SourceTitle "CBM 184 Extra"]
[Source "ChessBase"]
[SourceDate "2018.06.28"]
[SourceVersion "1"]
[SourceVersionDate "2018.06.28"]
[SourceQuality "1"]

1. d4 Nf6 2. c4 e6 3. Nf3 b6 4. g3 Bb7 5. Bg2 Be7 6. 0-0 0-0 7. Nc3 d5 8. Ne5 c5 9. e3 Nbd7 10. b3 Nxe5 11. dxe5 Ne4 12. Nxe4 dxe4 13. Qc2 Qc7 14. Bxe4 Bxe4 15. Qxe4 Rad8 16. Bb2 Rd7 17. Bc3 Rfd8 18. a3 Rd3 19. Rfc1 a5 20. Rab1 h6 21. Kg2 R8d7 22. b4 axb4 23. axb4 Qb7 24. Qxb7 Rxb7 25. bxc5 Bxc5 26. Kf3 Kf8 27. Ke4 Rd8 28. Bb4 Rc8 29. Bxc5+ Rxc5 30. Rb5 Rbc7 31. Rxc5 Rxc5 32. Kd4 Ke7 33. Ra1 Rc7 34. Ra8 h5 35. Rb8 Rc6 36. Rb7+ Ke8 37. f3 Kf8 38. Rb8+ Ke7 39. g4 hxg4 40. fxg4 f6 41. Rb7+ Kf8 42. exf6 gxf6 43. h4 Kg8 44. h5 e5+ 45. Kd5 Rc5+ 46. Ke6 Rxc4 47. Kf5 Rc6 48. e4 Rd6 49. Kg6 Rd8 50. Rxb6 Kh8 51. Kxf6 Rg8 52. g5 Kh7 53. Rb7+ Kh8 54. g6 Rf8+ 55. Rf7 Rd8 56. g7+ Kh7 57. Rf8 Rd6+ 1-0

[Event "World Amateur-ch U2000"]
[Site "Cagliari"]
[Date "2018.04.23"]
[Round "2"]
[White "Gibbs, Dominic V"]
[Black "Chinguun, Otgonbayar"]
[Result "1-0"]
[WhiteElo "1880"]
[BlackElo "1929"]
[PlyCount "63"]
[EventDate "2018.04.22"]
[EventType "swiss"]
[EventRounds "9"]
[EventCountry "ITA"]
[SourceTitle "CBM 184 Extra"]
[Source "ChessBase"]
[SourceDate "2018.06.28"]
[SourceVersion "1"]
[SourceVersionDate "2018.06.28"]
[SourceQuality "1"]

1. e4 e6 2. d4 d5 3. Nd2 Nf6 4. e5 Nfd7 5. Bd3 c5 6. c3 Nc6 7. Ngf3 g5 8. b4 cxd4 9. cxd4 Bxb4 10. 0-0 Bc3 11. Rb1 g4 12. Ne1 Bxd4 13. Qxg4 Ndxe5 14. Qh5 Nxd3 15. Nxd3 b6 16. Nf3 Bf6 17. Re1 Ne7 18. Bh6 Ng6 19. Rbc1 Qd6 20. Nde5 Bb7 21. Ng4 Qe7 22. Nxf6+ Qxf6 23. Rc7 Rb8 24. Ng5 Qf5 25. Rxf7 Qxf7 26. Nxf7 Kxf7 27. Qf3+ Ke7 28. Bg5+ Kd6 29. Bf4+ Nxf4 30. Qxf4+ Ke7 31. Qc7+ Kf6 32. Qe5+ 1-0

[Event "GBR-ch U1900 op 104th"]
[Site "Llandudno"]
[Date "2017.08.01"]
[Round "2"]
[White "Chinguun, Otgonbayar"]
[Black "Rush, Steven"]
[Result "1-0"]
[WhiteElo "1850"]
[BlackElo "1690"]
[PlyCount "63"]
[EventDate "2017.07.31"]
[EventType "swiss"]
[EventRounds "5"]
[EventCountry "WLS"]
[SourceTitle "EXT 2019"]
[Source "ChessBase"]
[SourceDate "2018.10.10"]
[SourceVersion "1"]
[SourceVersionDate "2018.10.10"]
[SourceQuality "1"]

1. d4 d5 2. c4 c6 3. Nc3 Nf6 4. e3 e6 5. Nf3 Nbd7 6. Qc2 a6 7. a4 Bb4 8. Bd3 Bxc3+ 9. bxc3 dxc4 10. Bxc4 Nb6 11. Bd3 0-0 12. 0-0 g6 13. e4 Nbd7 14. Bg5 Qc7 15. Qd2 Nh5 16. e5 f5 17. exf6 Ndxf6 18. Rfe1 Ng4 19. h3 Rxf3 20. hxg4 Rxd3 21. Qxd3 Nf4 22. Qd2 Nd5 23. c4 Ne7 24. Bf6 Kf7 25. Be5 Qd8 26. Re3 c5 27. Rf3+ Ke8 28. Bg7 Nf5 29. gxf5 gxf5 30. Re1 b5 31. Rxf5 Ra7 32. Rf8+ 1-0

[Event "GBR-ch U1900 op 104th"]
[Site "Llandudno"]
[Date "2017.07.31"]
[Round "1"]
[White "Fowler, David J"]
[Black "Chinguun, Otgonbayar"]
[Result "0-1"]
[WhiteElo "1659"]
[BlackElo "1850"]
[PlyCount "54"]
[EventDate "2017.07.31"]
[EventType "swiss"]
[EventRounds "5"]
[EventCountry "WLS"]
[SourceTitle "EXT 2019"]
[Source "ChessBase"]
[SourceDate "2018.10.10"]
[SourceVersion "1"]
[SourceVersionDate "2018.10.10"]
[SourceQuality "1"]

1. e4 e6 2. d4 d5 3. exd5 exd5 4. Bd3 Bd6 5. Nf3 Ne7 6. 0-0 Bg4 7. Re1 Nbc6 8. c3 Qd7 9. Be3 0-0-0 10. Nbd2 h6 11. Qa4 Kb8 12. b4 Bxf3 13. Nxf3 Nxd4 14. Qxd7 Nxf3+ 15. gxf3 Rxd7 16. a4 Rc8 17. h3 f6 18. Ra2 Be5 19. Bd2 c5 20. b5 g5 21. Kg2 c4 22. Bb1 d4 23. cxd4 Bxd4 24. Bb4 Nd5 25. Bd2 c3 26. Be3 Bxe3 27. fxe3 Nb4 0-1

[Event "Ulaanbaatar Children's Game 5th"]
[Site "Ulaanbaatar"]
[Date "2015.09.17"]
[Round "5.2"]
[White "Boldoo, Erdenepurev"]
[Black "Chinguun, Otgonbayar"]
[Result "1-0"]
[WhiteElo "2186"]
[BlackElo "1882"]
[PlyCount "121"]
[EventDate "2015.09.14"]
[EventType "tourn"]
[EventRounds "7"]
[EventCountry "MGL"]
[SourceTitle "EXT 2024"]
[Source "ChessBase"]
[SourceDate "2023.10.10"]
[SourceVersion "1"]
[SourceVersionDate "2023.10.10"]
[SourceQuality "1"]

1. d4 d5 2. c4 c6 3. Nc3 Nf6 4. e3 e6 5. Nf3 Nbd7 6. Bd3 dxc4 7. Bxc4 b5 8. Bd3 Bd6 9. Bd2 Bb7 10. Rc1 a6 11. Ne4 Nxe4 12. Bxe4 Rc8 13. b4 Qe7 14. Qb3 Nf6 15. Bb1 e5 16. dxe5 Bxe5 17. Nxe5 Qxe5 18. Bc3 Qg5 19. Bxf6 Qxf6 20. Rc5 0-0 21. 0-0 Rcd8 22. e4 Rd4 23. a3 Rfd8 24. e5 Qe7 25. f4 R4d5 26. Rcc1 c5 27. Qh3 g6 28. Be4 Rd4 29. Bxb7 Qxb7 30. bxc5 Qc8 31. f5 Rc4 32. Qe3 Qc6 33. Rxc4 bxc4 34. e6 fxe6 35. fxe6 Re8 36. e7 Qd7 37. Re1 Qd5 38. h3 Qd7 39. Qe5 Qf5 40. Qxf5 gxf5 41. c6 Kf7 42. c7 c3 43. Re2 c2 44. Rxc2 Rc8 45. Kf2 Kxe7 46. Kf3 Kd6 47. Kf4 Rxc7 48. Rxc7 Kxc7 49. Kxf5 Kc6 50. g4 Kb5 51. g5 Ka4 52. h4 Kxa3 53. h5 a5 54. g6 hxg6+ 55. hxg6 Kb2 56. g7 a4 57. g8Q a3 58. Qg2+ Kb1 59. Qg1+ Kb2 60. Qf2+ Ka1 61. Qc2 1-0

[Event "Ulaanbaatar Children's Game 5th"]
[Site "Ulaanbaatar"]
[Date "2015.09.15"]
[Round "3.1"]
[White "Chinguun, Otgonbayar"]
[Black "Agibileg, Uurtsaikh"]
[Result "0-1"]
[WhiteElo "1882"]
[BlackElo "2086"]
[PlyCount "46"]
[EventDate "2015.09.14"]
[EventType "tourn"]
[EventRounds "7"]
[EventCountry "MGL"]
[SourceTitle "EXT 2024"]
[Source "ChessBase"]
[SourceDate "2023.10.10"]
[SourceVersion "1"]
[SourceVersionDate "2023.10.10"]
[SourceQuality "1"]

1. d4 Nf6 2. c4 g6 3. Nc3 Bg7 4. e4 d6 5. Nge2 0-0 6. Ng3 Nc6 7. Be2 e5 8. d5 Nd4 9. 0-0 c5 10. f4 h5 11. fxe5 dxe5 12. Bg5 Qd6 13. Qd2 a6 14. Rf2 Nh7 15. h4 Bd7 16. Raf1 b5 17. Bh6 Rab8 18. Bxg7 Kxg7 19. Bxh5 Qe7 20. Bd1 Qxh4 21. Nh1 Ng5 22. g3 Qh6 23. g4 Ngf3+ 0-1

[Event "World ol U16"]
[Site "Ulaanbaatar"]
[Date "2015.08.27"]
[Round "9.3"]
[White "Ulziikhishigjargal, Ochirkhuyag"]
[Black "Chinguun, Otgonbayar"]
[Result "0-1"]
[WhiteElo "1634"]
[BlackElo "1681"]
[PlyCount "110"]
[EventDate "2015.08.20"]
[EventType "team-swiss"]
[EventRounds "9"]
[EventCountry "MGL"]
[SourceTitle "EXT 2016"]
[Source "ChessBase"]
[SourceDate "2015.10.08"]
[SourceVersion "1"]
[SourceVersionDate "2015.10.08"]
[SourceQuality "1"]
[WhiteTeam "Mongolia IV"]
[BlackTeam "Mongolia V"]
[WhiteTeamCountry "MGL"]
[BlackTeamCountry "MGL"]

1. e4 e6 2. d4 d5 3. Nd2 Nf6 4. e5 Nfd7 5. Bd3 c5 6. c3 Nc6 7. Ne2 f6 8. exf6 Nxf6 9. Nf3 Bd6 10. Bf4 Bxf4 11. Nxf4 cxd4 12. cxd4 Qd6 13. Ne2 0-0 14. 0-0 Bd7 15. a3 Rae8 16. Ng3 a6 17. b4 Kh8 18. Qd2 e5 19. dxe5 Nxe5 20. Nxe5 Rxe5 21. Rae1 Rxe1 22. Rxe1 Ng4 23. Rf1 Ne5 24. Be4 Bc6 25. Rd1 Qf6 26. Bxd5 Rd8 27. Qa2 Qd6 28. Nf5 Bxd5 29. Nxd6 Bxa2 30. f4 Nc6 31. a4 Kg8 32. b5 axb5 33. axb5 Ne7 34. Rd2 Nf5 35. Ne4 Rxd2 36. Nxd2 Nd6 37. Kf2 Nxb5 38. Ke3 Nd6 39. Kd4 Nf5+ 40. Kc5 Kf7 41. Ne4 Ke6 42. g4 Ne3 43. h3 Bd5 44. Nf2 Bc6 45. Kd4 Nd5 46. Nd3 Kd6 47. f5 b5 48. h4 b4 49. g5 b3 50. Nb2 Nb6 51. h5 Bd5 52. Nd1 Na4 53. f6 gxf6 54. g6 hxg6 55. h6 Bg8 0-1

[Event "World ol U16"]
[Site "Ulaanbaatar"]
[Date "2015.08.26"]
[Round "8.3"]
[White "Chinguun, Otgonbayar"]
[Black "Omurbekova, Diana"]
[Result "1-0"]
[WhiteElo "1681"]
[BlackElo "1707"]
[PlyCount "57"]
[EventDate "2015.08.20"]
[EventType "team-swiss"]
[EventRounds "9"]
[EventCountry "MGL"]
[SourceTitle "EXT 2016"]
[Source "ChessBase"]
[SourceDate "2015.10.08"]
[SourceVersion "1"]
[SourceVersionDate "2015.10.08"]
[SourceQuality "1"]
[WhiteTeam "Mongolia V"]
[BlackTeam "Kyrgyzstan"]
[WhiteTeamCountry "MGL"]
[BlackTeamCountry "KGZ"]

1. d4 Nf6 2. c4 g6 3. Nc3 Bg7 4. e4 d6 5. Nge2 0-0 6. Ng3 Nbd7 7. Be2 c5 8. d5 a6 9. 0-0 Ne8 10. Be3 h6 11. Qd2 Kh7 12. f4 e6 13. Rad1 Qe7 14. f5 exf5 15. exf5 Nef6 16. Rde1 Re8 17. Bd3 Ne5 18. Bf4 Nfg4 19. h3 Qh4 20. fxg6+ fxg6 21. hxg4 Nxd3 22. Rxe8 Bd4+ 23. Be3 Qxg4 24. Bxd4 Qxd4+ 25. Qe3 Qxe3+ 26. Rxe3 Ne5 27. Nce4 g5 28. Nxd6 Ng4 29. Re8 1-0

[Event "Asian Schools-ch U13 11th"]
[Site "Singapore"]
[Date "2015.06.01"]
[Round "2.8"]
[White "Chinguun, Otgonbayar"]
[Black "Avalboev, Sukhrobjon"]
[Result "0-1"]
[WhiteElo "1572"]
[BlackElo "1799"]
[PlyCount "60"]
[EventDate "2015.05.31"]
[EventType "swiss"]
[EventRounds "7"]
[EventCountry "SIN"]
[SourceTitle "EXT 2024"]
[Source "ChessBase"]
[SourceDate "2023.10.10"]
[SourceVersion "1"]
[SourceVersionDate "2023.10.10"]
[SourceQuality "1"]

1. d4 Nf6 2. c4 e6 3. Nf3 b6 4. g3 Bb7 5. Bg2 Bb4+ 6. Bd2 Bxd2+ 7. Nbxd2 0-0 8. 0-0 d5 9. Rc1 Nbd7 10. b4 dxc4 11. Nxc4 Qe7 12. Qb3 Bd5 13. Nfd2 Bxg2 14. Kxg2 c5 15. dxc5 bxc5 16. b5 Rfd8 17. Na5 Ne5 18. Ndc4 Nxc4 19. Qxc4 Rd5 20. Nc6 Qb7 21. e4 Rd2 22. a4 a6 23. Qxc5 axb5 24. axb5 Nxe4 25. Qb4 f5 26. Qb3 Re8 27. Rcd1 Qb6 28. Rde1 Rxf2+ 29. Kh1 Rxf1+ 30. Rxf1 Nd2 0-1

[Event "Wch U12"]
[Site "Al Ain"]
[Date "2013.12.24"]
[Round "8"]
[White "Chinguun, Otgonbayar"]
[Black "Anilkumar, Anantha P"]
[Result "0-1"]
[WhiteElo "1534"]
[BlackElo "1720"]
[PlyCount "60"]
[EventDate "2013.12.18"]
[EventType "swiss"]
[EventRounds "11"]
[EventCountry "UAE"]
[SourceTitle "CBM 158 Extra"]
[Source "ChessBase"]
[SourceDate "2014.02.28"]
[SourceVersion "1"]
[SourceVersionDate "2014.02.28"]
[SourceQuality "1"]

1. d4 Nf6 2. c4 g6 3. Nc3 d5 4. cxd5 Nxd5 5. Bd2 Bg7 6. e4 Nxc3 7. Bxc3 0-0 8. Nf3 c5 9. d5 Nd7 10. Bd3 Nf6 11. h3 a6 12. a4 Bd7 13. 0-0 Rc8 14. Qe2 Nh5 15. Qe3 Qc7 16. e5 c4 17. Bc2 f5 18. Bb4 f4 19. Qe2 Ng3 20. fxg3 Qb6+ 21. Kh1 Qxb4 22. e6 Be8 23. gxf4 Rxf4 24. Ng5 Qxb2 25. d6 exd6 26. e7 Qe5 27. Be4 Qxg5 28. Rxf4 Bxa1 29. Rf8+ Kg7 30. Bxb7 Rb8 0-1

[Event "Wch U12"]
[Site "Al Ain"]
[Date "2013.12.23"]
[Round "7"]
[White "Chinguun, Otgonbayar"]
[Black "Titus, Andrew L"]
[Result "0-1"]
[WhiteElo "1534"]
[BlackElo "1750"]
[PlyCount "100"]
[EventDate "2013.12.18"]
[EventType "swiss"]
[EventRounds "11"]
[EventCountry "UAE"]
[SourceTitle "CBM 158 Extra"]
[Source "ChessBase"]
[SourceDate "2014.02.28"]
[SourceVersion "1"]
[SourceVersionDate "2014.02.28"]
[SourceQuality "1"]

1. d4 d5 2. c4 e6 3. Nc3 Be7 4. Nf3 Nf6 5. Bg5 h6 6. Bh4 0-0 7. e3 b6 8. Bd3 Bb7 9. 0-0 Nbd7 10. Qe2 c5 11. Rfd1 Rc8 12. cxd5 Nxd5 13. Bxe7 Nxc3 14. bxc3 Qxe7 15. e4 Nf6 16. Re1 c4 17. Bc2 b5 18. Rac1 a5 19. Bb1 g6 20. Ne5 Nd7 21. Ng4 h5 22. Ne3 Nf6 23. e5 Nd5 24. Nxd5 Bxd5 25. Qc2 Qg5 26. g3 Qg4 27. Re3 Qg5 28. f4 Qe7 29. Qe2 Kg7 30. g4 hxg4 31. Qxg4 Rh8 32. f5 exf5 33. Bxf5 Rh4 34. Qg3 Rch8 35. h3 R8h5 36. Rf1 Be6 37. Bxe6 Qxe6 38. Kh2 Rxh3+ 39. Qxh3 Rxh3+ 40. Rxh3 b4 41. cxb4 axb4 42. Rg3 Qd7 43. Rd1 Qa4 44. Rd2 c3 45. Rf2 c2 46. Rg1 Qxa2 47. Rc1 b3 48. d5 Qb2 49. Rff1 Qxe5+ 50. Kg1 Qxd5 0-1